| 000 | 00871nam a2200253 a 4500 | ||
|---|---|---|---|
| 005 | 20241109063726.0 | ||
| 008 | 021008s2001 mx r 000 0 spa d | ||
| 020 | _a844931013X | ||
| 035 | _aUPN01000119968 | ||
| 049 | _aCG | ||
| 050 | 4 |
_aJC571 _bG5.3 |
|
| 100 | 1 | _aGil, Fernando | |
| 245 | 1 | 3 |
_aLa enseñanza de los derechos humanos : _b30 preguntas, 29 respuestas y 76 actividades / _cFernando Gil, Gonzalo Jover, David Reyero. |
| 260 |
_aBarcelona,( Esp.) : _bPaidós, _cc2001. |
||
| 300 | _a216 p. | ||
| 440 | 0 |
_aPapeles de pedagogía ; _v50 |
|
| 590 | _a(También localizas un ejemplar en el "Area de Reserva") | ||
| 590 | _aBibliografía Básica (BGTQ) | ||
| 650 | 2 |
_aDerechos civiles _xInterpretación y construcción _97718 |
|
| 650 | 4 |
_aDerechos humanos _95797 |
|
| 700 | 1 |
_aJover, Gonzalo, _ecoaut. |
|
| 700 | 1 |
_aReyero, David, _ecoaut. |
|
| 905 | _aLibro | ||
| 999 |
_c92318 _d92318 |
||